[Event "Monte Grande op"]
[Site "Monte Grande"]
[Date "2023.11.25"]
[Round "3"]
[White "Mega, Diego Jose"]
[Black "Quarta, Alejandro"]
[Result "1/2-1/2"]
[WhiteElo "1503"]
[BlackElo "1747"]
[PlyCount "100"]
[EventDate "2023.11.24"]
[EventType "swiss"]
[EventRounds "6"]
[EventCountry "ARG"]
[SourceTitle "CB49_2023"]
[SourceDate "2023.12.06"]
[SourceVersion "1"]
[SourceVersionDate "2023.12.06"]
[SourceQuality "1"]

1. d4 e6 2. Bf4 f5 3. Nf3 Nf6 4. e3 d5 5. c4 c6 6. Nc3 Bd6 7. Qc2 Ne4 8. Bd3 Na6 9. a3 0-0 10. 0-0 g5 11. Bxd6 Nxd6 12. cxd5 cxd5 13. Bxa6 bxa6 14. Na4 Nf7 15. Nc5 Qd6 16. Rac1 Bd7 17. Nxd7 Qxd7 18. Qc6 Qxc6 19. Rxc6 g4 20. Nh4 Ng5 21. Rfc1 Kg7 22. g3 Rfb8 23. R1c2 Kf6 24. Rxa6 Rb6 25. Rxb6 axb6 26. Rc3 Rh8 27. Kg2 b5 28. f3 h5 29. fxg4 hxg4 30. Kf2 Ra8 31. Ng2 Nh3+ 32. Ke2 b4 33. axb4 Rb8 34. Nf4 Nxf4+ 35. gxf4 Rxb4 36. Rc2 Ke7 37. Kd2 Rb3 38. Ke2 Kd7 39. Kf2 Rb8 40. Kg3 Rb3 41. Re2 Ke7 42. h3 gxh3 43. Kxh3 Kf6 44. Kg3 Kg6 45. Kf3 Kf6 46. Rh2 Ke7 47. Re2 Kd6 48. Kg3 Kc6 49. Kh4 Kd6 50. Kg5 Ke7 1/2-1/2

[Event "Monte Grande op"]
[Site "Monte Grande"]
[Date "2023.11.25"]
[Round "2"]
[White "Quarta, Alejandro"]
[Black "Magallan, Gaston"]
[Result "0-1"]
[WhiteElo "1747"]
[BlackElo "2061"]
[PlyCount "64"]
[EventDate "2023.11.24"]
[EventType "swiss"]
[EventRounds "6"]
[EventCountry "ARG"]
[SourceTitle "CB49_2023"]
[SourceDate "2023.12.06"]
[SourceVersion "1"]
[SourceVersionDate "2023.12.06"]
[SourceQuality "1"]

1. e4 e6 2. d4 d5 3. Nd2 Nf6 4. exd5 exd5 5. Bd3 c5 6. Qe2+ Be7 7. dxc5 0-0 8. Nb3 Re8 9. Be3 d4 10. Bxd4 Bxc5 11. Be3 Bxe3 12. fxe3 Qb6 13. 0-0-0 Rxe3 14. Qf1 Na6 15. Nf3 Bg4 16. Nbd2 Re7 17. h3 Be6 18. Bc4 Nb4 19. Bxe6 Rxe6 20. a3 Na2+ 21. Kb1 Nc3+ 22. Kc1 Nxd1 23. Qxd1 Rd8 24. Re1 h6 25. Rxe6 Qxe6 26. Qe1 Qxe1+ 27. Nxe1 Re8 28. Kd1 Nd5 29. Ndf3 f5 30. Kd2 Kf7 31. Nd3 Kf6 32. Nfe1 g5 0-1

[Event "Monte Grande FASGBA-ch"]
[Site "Monte Grande"]
[Date "2018.03.03"]
[Round "1.3"]
[White "Alves Fernandes, Pablo"]
[Black "Quarta, Alejandro"]
[Result "1/2-1/2"]
[WhiteElo "2083"]
[BlackElo "1794"]
[PlyCount "66"]
[EventDate "2018.03.03"]
[EventType "swiss"]
[EventRounds "6"]
[EventCountry "ARG"]
[SourceTitle "EXT 2024"]
[Source "ChessBase"]
[SourceDate "2023.10.10"]
[SourceVersion "1"]
[SourceVersionDate "2023.10.10"]
[SourceQuality "1"]

1. e4 e6 2. d4 d5 3. exd5 exd5 4. c4 Bb4+ 5. Nc3 Bxc3+ 6. bxc3 Nf6 7. Ba3 Be6 8. cxd5 Qxd5 9. Nf3 Nbd7 10. Qa4 c6 11. c4 Qe4+ 12. Be2 Nb6 13. Qb4 Bxc4 14. 0-0 Bxe2 15. Ng5 Nfd5 16. Qd6 Qf4 17. Qxf4 Nxf4 18. Rfe1 h6 19. Ne4 0-0-0 20. Nd6+ Rxd6 21. Bxd6 Nbd5 22. Bxf4 Nxf4 23. g3 Nh3+ 24. Kg2 Bg4 25. f3 Bd7 26. Re7 Rf8 27. f4 g5 28. Kf3 h5 29. a4 Kd8 30. Re5 gxf4 31. gxf4 Bg4+ 32. Ke3 f6 33. Ra5 Re8+ 1/2-1/2

[Event "Monte Grande Fasgba U2200 14th"]
[Site "Monte Grande"]
[Date "2017.06.24"]
[Round "5.6"]
[White "Quarta, Alejandro"]
[Black "Hernandez, Luis Crisanto"]
[Result "1/2-1/2"]
[WhiteElo "1779"]
[BlackElo "1942"]
[PlyCount "105"]
[EventDate "2017.06.16"]
[EventType "swiss"]
[EventRounds "6"]
[EventCountry "ARG"]
[SourceTitle "EXT 2024"]
[Source "ChessBase"]
[SourceDate "2023.10.10"]
[SourceVersion "1"]
[SourceVersionDate "2023.10.10"]
[SourceQuality "1"]

1. e4 e5 2. Nc3 Nf6 3. f4 d5 4. fxe5 Nxe4 5. Nxe4 dxe4 6. d4 exd3 7. Qxd3 Bb4+ 8. c3 Qxd3 9. Bxd3 Be7 10. Bf4 0-0 11. Nf3 Nd7 12. 0-0-0 Nc5 13. Bc2 a5 14. h3 Be6 15. Ng5 Bxg5 16. Bxg5 Bxa2 17. Be7 Nb3+ 18. Bxb3 Bxb3 19. Rd7 Rfc8 20. Re1 Be6 21. Rd4 h6 22. Red1 Kh7 23. Rd8 Kg6 24. Rxc8 Rxc8 25. Rd8 Kf5 26. Rxc8 Bxc8 27. Bf8 g6 28. Bxh6 Kxe5 29. Kd2 c6 30. h4 Bf5 31. g3 Kd5 32. Kc1 Kc4 33. Kd2 Kb3 34. Kc1 a4 35. Bf8 b6 36. Be7 b5 37. Bd6 Kc4 38. Kd2 Kb3 39. Kc1 Kc4 40. Kd2 c5 41. Kc1 b4 42. cxb4 cxb4 43. Be5 Kb3 44. Bf6 a3 45. bxa3 bxa3 46. Be7 a2 47. Bf6 Kc4 48. Kd2 Kd5 49. Ke3 Bg4 50. Ba1 Bd1 51. Bf6 Kc4 52. Kd2 Bb3 53. Ba1 1/2-1/2

[Event "Monte Grande Pre ITT FASGBA"]
[Site "Monte Grande"]
[Date "2015.12.12"]
[Round "5.2"]
[White "Farias, Guillermo"]
[Black "Quarta, Alejandro"]
[Result "1/2-1/2"]
[WhiteElo "1989"]
[BlackElo "1733"]
[PlyCount "57"]
[EventDate "2015.12.04"]
[EventType "swiss"]
[EventRounds "7"]
[EventCountry "ARG"]
[SourceTitle "EXT 2024"]
[Source "ChessBase"]
[SourceDate "2023.10.10"]
[SourceVersion "1"]
[SourceVersionDate "2023.10.10"]
[SourceQuality "1"]

1. e4 e6 2. d3 c5 3. Nf3 Nc6 4. g3 Nge7 5. Bg2 Ng6 6. 0-0 Be7 7. c3 0-0 8. d4 d6 9. Re1 Bd7 10. h4 cxd4 11. cxd4 Rc8 12. h5 Nh8 13. Nc3 Qa5 14. e5 d5 15. h6 g6 16. Bf4 f5 17. exf6 Bxf6 18. Qd2 Nf7 19. a3 Ncd8 20. b4 Qb6 21. Nh2 Qxd4 22. Rac1 Rxc3 23. Qxd4 Bxd4 24. Rcd1 Bf6 25. Bc1 Bc6 26. Bb2 Nxh6 27. Bxc3 Bxc3 28. Re3 d4 29. Re5 1/2-1/2

[Event "Monte Grande Pre ITT FASGBA"]
[Site "Monte Grande"]
[Date "2015.12.05"]
[Round "2.4"]
[White "Prieu, Gustavo"]
[Black "Quarta, Alejandro"]
[Result "1/2-1/2"]
[WhiteElo "1965"]
[BlackElo "1733"]
[PlyCount "100"]
[EventDate "2015.12.04"]
[EventType "swiss"]
[EventRounds "7"]
[EventCountry "ARG"]
[SourceTitle "EXT 2024"]
[Source "ChessBase"]
[SourceDate "2023.10.10"]
[SourceVersion "1"]
[SourceVersionDate "2023.10.10"]
[SourceQuality "1"]

1. d4 e6 2. c4 f5 3. Nc3 Nf6 4. Nf3 d6 5. Bg5 Be7 6. Bxf6 Bxf6 7. e4 0-0 8. Bd3 Nc6 9. Bc2 g6 10. 0-0 fxe4 11. Nxe4 d5 12. Nxf6+ Qxf6 13. Bb3 Kg7 14. Rc1 dxc4 15. Rxc4 Bd7 16. Ne5 Rad8 17. Qd2 Be8 18. Nxc6 Bxc6 19. Ba4 Bxa4 20. Rxa4 a6 21. Qe3 Rd6 22. Rc4 c6 23. Re1 Rf7 24. g3 Qf3 25. Qxf3 Rxf3 26. Re3 Rf5 27. Kg2 Rb5 28. b3 Kf7 29. Kf3 Rf5+ 30. Ke2 b5 31. Rc5 Rxc5 32. dxc5 Rd5 33. Rc3 a5 34. a3 e5 35. Rf3+ Ke7 36. Rc3 b4 37. axb4 axb4 38. Rc4 Ke6 39. Ke3 h5 40. h4 Kf5 41. f3 Ke6 42. Ke4 Kf6 43. g4 hxg4 44. fxg4 Ke6 45. h5 gxh5 46. gxh5 Kf6 47. Rxb4 Rxc5 48. Rb6 Kg5 49. b4 Rc4+ 50. Kxe5 Kxh5 1/2-1/2

[Event "Monte Grande Zalazar Cup 5th"]
[Site "Monte Grande"]
[Date "2015.08.22"]
[Round "7.8"]
[White "Silva, Ariel Orlando"]
[Black "Quarta, Alejandro"]
[Result "1/2-1/2"]
[WhiteElo "1663"]
[BlackElo "1770"]
[PlyCount "27"]
[EventDate "2015.07.11"]
[EventType "swiss"]
[EventRounds "7"]
[EventCountry "ARG"]
[SourceTitle "EXT 2024"]
[Source "ChessBase"]
[SourceDate "2023.10.10"]
[SourceVersion "1"]
[SourceVersionDate "2023.10.10"]
[SourceQuality "1"]

1. e4 e6 2. d4 d5 3. exd5 exd5 4. Bd3 Bd6 5. Nf3 Bg4 6. h3 Bxf3 7. Qxf3 Nf6 8. Bg5 c6 9. 0-0 0-0 10. c3 Nbd7 11. Nd2 h6 12. Bxf6 Qxf6 13. Qxf6 Nxf6 14. Nf3 1/2-1/2

[Event "Monte Grande qual CAMG"]
[Site "Monte Grande"]
[Date "2015.08.07"]
[Round "5.4"]
[White "Quarta, Alejandro"]
[Black "Alves Fernandez, Sebastian"]
[Result "0-1"]
[WhiteElo "1770"]
[BlackElo "1733"]
[PlyCount "128"]
[EventDate "2015.07.10"]
[EventType "swiss"]
[EventRounds "5"]
[EventCountry "ARG"]
[SourceTitle "EXT 2024"]
[Source "ChessBase"]
[SourceDate "2023.10.10"]
[SourceVersion "1"]
[SourceVersionDate "2023.10.10"]
[SourceQuality "1"]

1. e4 e6 2. Nc3 d5 3. exd5 exd5 4. d4 Nf6 5. Bd3 Bg4 6. f3 Bh5 7. Nge2 c6 8. Bf4 Bd6 9. Qd2 Bg6 10. Bxg6 hxg6 11. Qe3+ Qe7 12. Qxe7+ Kxe7 13. Kf2 Na6 14. a3 Nc7 15. Rae1 Ne6 16. Bxd6+ Kxd6 17. Nb1 Rh4 18. c3 Rah8 19. h3 g5 20. Ng3 g6 21. Nd2 g4 22. fxg4 Nf4 23. Rb1 a5 24. Nf3 R4h7 25. Ng5 Rg7 26. Kf3 Ne6 27. Nxe6 fxe6 28. Rbf1 Nd7 29. Ke3 a4 30. Rf2 Re8 31. Kd3 e5 32. Rhf1 e4+ 33. Ke3 Nb6 34. Rf7 Nc4+ 35. Ke2 Re7 36. R1f6+ Kd7 37. Rf8 Nxb2 38. Ra8 Ref7 39. Rg8 Rxf6 40. Rxg7+ Kc8 41. g5 Re6 42. Rf7 Nc4 43. Rf6 Rxf6 44. gxf6 Kd7 45. h4 Ke6 46. h5 Kxf6 47. hxg6 Kxg6 48. Nf1 Nxa3 49. Ne3 Nc4 50. Nc2 a3 51. Nb4 Kg5 52. Kf2 Kg4 53. Na2 e3+ 54. Ke2 Kg3 55. Nb4 Kxg2 56. Na2 b6 57. Nc1 c5 58. Na2 Kg3 59. Nc1 Kf4 60. Na2 Ke4 61. dxc5 bxc5 62. Nc1 d4 63. Nd3 Kd5 64. cxd4 cxd4 0-1

[Event "Monte Grande qual CAMG"]
[Site "Monte Grande"]
[Date "2015.07.31"]
[Round "4.5"]
[White "Quarta, Alejandro"]
[Black "Gawel, Alfredo Juan"]
[Result "1/2-1/2"]
[WhiteElo "1770"]
[BlackElo "1719"]
[PlyCount "71"]
[EventDate "2015.07.10"]
[EventType "swiss"]
[EventRounds "5"]
[EventCountry "ARG"]
[SourceTitle "EXT 2024"]
[Source "ChessBase"]
[SourceDate "2023.10.10"]
[SourceVersion "1"]
[SourceVersionDate "2023.10.10"]
[SourceQuality "1"]

1. e4 e5 2. Nc3 g6 3. Bc4 Bc5 4. Qf3 Qf6 5. Nd5 Qxf3 6. Nxf3 Bd6 7. d4 f6 8. dxe5 fxe5 9. Bg5 h6 10. Bf6 Nxf6 11. Nxf6+ Kf8 12. Ng4 Kg7 13. 0-0-0 Re8 14. Ne3 Nc6 15. a3 a6 16. Nd5 b5 17. Ba2 Bb7 18. Nb6 Rad8 19. Nd5 Ne7 20. Nd2 Nxd5 21. exd5 b4 22. a4 Rf8 23. f3 Bc5 24. Ne4 Bd4 25. c3 bxc3 26. bxc3 Bb6 27. Kc2 d6 28. Rb1 a5 29. c4 Bc8 30. Rhf1 Bd7 31. Bb3 Bd4 32. Kd3 Rb8 33. Bc2 Bf5 34. Rxb8 Rxb8 35. Rb1 Rxb1 36. Bxb1 1/2-1/2

[Event "Monte Grande Ponzo Cup U2200 12th"]
[Site "Monte Grande"]
[Date "2015.06.20"]
[Round "6.6"]
[White "Begue, Jorge"]
[Black "Quarta, Alejandro"]
[Result "0-1"]
[WhiteElo "1548"]
[BlackElo "1755"]
[PlyCount "54"]
[EventDate "2015.06.13"]
[EventType "swiss"]
[EventRounds "7"]
[EventCountry "ARG"]
[SourceTitle "EXT 2024"]
[Source "ChessBase"]
[SourceDate "2023.10.10"]
[SourceVersion "1"]
[SourceVersionDate "2023.10.10"]
[SourceQuality "1"]

1. Nf3 Nc6 2. g3 d6 3. Bg2 e5 4. d3 Be7 5. 0-0 Bg4 6. c4 Qd7 7. Nc3 Bh3 8. Nd5 Bxg2 9. Kxg2 Nf6 10. Nxe7 Nxe7 11. b4 h6 12. a4 Ng6 13. Be3 0-0 14. h3 b6 15. Qd2 Kh7 16. Rh1 c5 17. b5 d5 18. Qc2 Rfe8 19. Rad1 d4 20. Bc1 e4 21. Nh2 Re6 22. e3 dxe3 23. dxe4 Qb7 24. f3 Rae8 25. Bxe3 Nxe4 26. fxe4 Rxe4 27. Bf2 Rxc4+ 0-1

[Event "Monte Grande Ponzo Cup U2200 12th"]
[Site "Monte Grande"]
[Date "2015.06.20"]
[Round "7.3"]
[White "Quarta, Alejandro"]
[Black "Barrientos Medina, Juan Carlos"]
[Result "0-1"]
[WhiteElo "1755"]
[BlackElo "2005"]
[PlyCount "86"]
[EventDate "2015.06.13"]
[EventType "swiss"]
[EventRounds "7"]
[EventCountry "ARG"]
[SourceTitle "EXT 2024"]
[Source "ChessBase"]
[SourceDate "2023.10.10"]
[SourceVersion "1"]
[SourceVersionDate "2023.10.10"]
[SourceQuality "1"]

1. e4 c6 2. Nc3 d5 3. d4 dxe4 4. Nxe4 Bf5 5. Ng3 Bg6 6. Nf3 e6 7. Ne5 Nd7 8. Nxg6 hxg6 9. Be2 Ngf6 10. Bf3 Bd6 11. Bg5 Qc7 12. Qd2 Bxg3 13. fxg3 Rxh2 14. Kf2 Rxh1 15. Rxh1 0-0-0 16. c4 Ne5 17. b3 Neg4+ 18. Kg1 Ne5 19. Bf4 Nxf3+ 20. gxf3 e5 21. Bxe5 Qxe5 22. dxe5 Rxd2 23. exf6 gxf6 24. Rh7 Rd7 25. Kf2 c5 26. Ke2 Kc7 27. Rh8 a6 28. Rh1 Kb6 29. Rc1 Ka5 30. a3 Kb6 31. Rc3 Kc6 32. Rc1 b5 33. Rc2 Rd8 34. cxb5+ axb5 35. Rc3 Ra8 36. b4 c4 37. Kd2 Kd5 38. Ke2 Kd4 39. Re3 f5 40. Kd2 Rh8 41. Re7 Rh2+ 42. Kc1 Ra2 43. Rd7+ Kc3 0-1

[Event "Monte Grande Ponzo Cup U2200 12th"]
[Site "Monte Grande"]
[Date "2015.06.19"]
[Round "5.4"]
[White "Quarta, Alejandro"]
[Black "Ponzo, Fabian Alejandro"]
[Result "1-0"]
[WhiteElo "1755"]
[BlackElo "2045"]
[PlyCount "69"]
[EventDate "2015.06.13"]
[EventType "swiss"]
[EventRounds "7"]
[EventCountry "ARG"]
[SourceTitle "EXT 2024"]
[Source "ChessBase"]
[SourceDate "2023.10.10"]
[SourceVersion "1"]
[SourceVersionDate "2023.10.10"]
[SourceQuality "1"]

1. e4 c5 2. Nc3 Nc6 3. Bc4 e6 4. a3 Nf6 5. d3 d5 6. exd5 exd5 7. Ba2 Be7 8. Nge2 Be6 9. Nf4 Qd7 10. Nxe6 fxe6 11. Ne2 0-0 12. Bf4 e5 13. Bg3 Kh8 14. 0-0 Rae8 15. Nc3 Bd8 16. f3 Bc7 17. Bh4 Ne7 18. Bxf6 Rxf6 19. Qe2 b5 20. Nd1 Rh6 21. Nf2 Rh4 22. g3 Ra4 23. Rad1 Ra6 24. Bb3 Nf5 25. c3 Rg6 26. Ng4 h5 27. Ne3 Nxg3 28. hxg3 Rxg3+ 29. Kf2 e4 30. dxe4 c4 31. Rxd5 Qh3 32. Bc2 Qh4 33. Ke1 Rg2+ 34. Rf2 Bg3 35. Nxg2 1-0

[Event "Monte Grande Ponzo Cup U2200 12th"]
[Site "Monte Grande"]
[Date "2015.06.14"]
[Round "3.4"]
[White "Quarta, Alejandro"]
[Black "Sica, Mauro"]
[Result "0-1"]
[WhiteElo "1755"]
[BlackElo "2101"]
[PlyCount "80"]
[EventDate "2015.06.13"]
[EventType "swiss"]
[EventRounds "7"]
[EventCountry "ARG"]
[SourceTitle "EXT 2024"]
[Source "ChessBase"]
[SourceDate "2023.10.10"]
[SourceVersion "1"]
[SourceVersionDate "2023.10.10"]
[SourceQuality "1"]

1. e4 c5 2. Nc3 Nc6 3. a3 g6 4. Bc4 e6 5. Nf3 Bg7 6. 0-0 Nge7 7. d3 0-0 8. Ne2 d5 9. Ba2 b6 10. Ng3 Qc7 11. c3 Ba6 12. Re1 Rad8 13. Qc2 dxe4 14. dxe4 Bd3 15. Qd1 Bxe4 16. Qe2 Bd3 17. Qe3 c4 18. Qf4 Qxf4 19. Bxf4 Nd5 20. Be3 Nxe3 21. fxe3 e5 22. h3 b5 23. Kf2 Na5 24. Rac1 Nb7 25. Red1 Nc5 26. Ne1 f5 27. b4 cxb3 28. Nxd3 Nxd3+ 29. Rxd3 Rxd3 30. Bxb3+ Kh8 31. Ne2 Bh6 32. Rb1 Bxe3+ 33. Kf1 Rd6 34. a4 bxa4 35. Bxa4 f4 36. c4 f3 37. Nc3 fxg2+ 38. Kxg2 Rd2+ 39. Kg3 Bf2+ 40. Kg2 Bd4+ 0-1

[Event "Monte Grande Ponzo Cup U2200 12th"]
[Site "Monte Grande"]
[Date "2015.06.13"]
[Round "1.7"]
[White "Quarta, Alejandro"]
[Black "Herrera, Pablo"]
[Result "0-1"]
[WhiteElo "1755"]
[BlackElo "2021"]
[PlyCount "92"]
[EventDate "2015.06.13"]
[EventType "swiss"]
[EventRounds "7"]
[EventCountry "ARG"]
[SourceTitle "EXT 2024"]
[Source "ChessBase"]
[SourceDate "2023.10.10"]
[SourceVersion "1"]
[SourceVersionDate "2023.10.10"]
[SourceQuality "1"]

1. e4 d5 2. exd5 Nf6 3. Nc3 Nxd5 4. Nxd5 Qxd5 5. Qf3 Be6 6. Qxd5 Bxd5 7. Ne2 e5 8. d3 Bb4+ 9. Bd2 Bxd2+ 10. Kxd2 Nd7 11. Rg1 0-0-0 12. g3 Nc5 13. Nc3 Bc6 14. Ke3 f5 15. b3 Rhe8 16. f3 Ne6 17. Ne2 g6 18. Bg2 Kb8 19. Kf2 g5 20. Rge1 f4 21. g4 Nd4 22. Nxd4 exd4 23. Rxe8 Rxe8 24. Rh1 a5 25. h4 h6 26. hxg5 hxg5 27. Rh7 Re5 28. Rh1 Rc5 29. Rc1 a4 30. Ke2 axb3 31. axb3 Re5+ 32. Kf2 Ra5 33. Ke2 Ra2 34. Kd2 Bd5 35. Rb1 b5 36. Kc1 c5 37. Kd2 Kc7 38. Kc1 Kd6 39. Kd2 Kc6 40. Kd1 Kb6 41. Kc1 Ka5 42. Rb2 Ra3 43. Kd2 Ra1 44. c4 dxc3+ 45. Kxc3 b4+ 46. Kd2 Rg1 0-1

[Event "Monte Grande Valerio Lorenzi 2nd"]
[Site "Monte Grande"]
[Date "2015.05.22"]
[Round "7.2"]
[White "Herrera, Pablo"]
[Black "Quarta, Alejandro"]
[Result "1-0"]
[WhiteElo "2011"]
[BlackElo "1724"]
[PlyCount "101"]
[EventDate "2015.05.08"]
[EventType "swiss"]
[EventRounds "7"]
[EventCountry "ARG"]
[SourceTitle "EXT 2024"]
[Source "ChessBase"]
[SourceDate "2023.10.10"]
[SourceVersion "1"]
[SourceVersionDate "2023.10.10"]
[SourceQuality "1"]

1. c4 e5 2. g3 Nc6 3. Bg2 Nf6 4. Nc3 a6 5. d3 Bc5 6. Nf3 d6 7. Bg5 h6 8. Bxf6 Qxf6 9. 0-0 Ba7 10. Rb1 0-0 11. b4 Nd4 12. Nxd4 Bxd4 13. Nd5 Qd8 14. e3 Ba7 15. a4 c6 16. Nc3 Bd7 17. b5 f5 18. bxc6 bxc6 19. Rb7 Qc8 20. Qb3 Bc5 21. a5 Ra7 22. Rb1 Rxb7 23. Qxb7 Qxb7 24. Rxb7 Rd8 25. Ne2 Ba3 26. Rb3 Bc5 27. d4 Ba7 28. dxe5 Be6 29. Rb7 Bxc4 30. Rxa7 Bxe2 31. Bxc6 dxe5 32. Ra8 Rxa8 33. Bxa8 Kf7 34. f4 exf4 35. exf4 Ke6 36. Kf2 Bb5 37. Ke3 Kd6 38. Kd4 Ba4 39. Bb7 Bb5 40. Bc8 g6 41. h4 h5 42. Bb7 Kc7 43. Bd5 Be8 44. Kc5 Bb5 45. Bf7 Be2 46. Bxg6 Bg4 47. Kd5 Bf3+ 48. Ke5 Kc6 49. Bxf5 Kb5 50. Be4 Be2 51. f5 1-0

[Event "Monte Grande Valerio Lorenzi 2nd"]
[Site "Monte Grande"]
[Date "2015.05.15"]
[Round "4.2"]
[White "Quarta, Alejandro"]
[Black "Mashal, Ruben"]
[Result "1/2-1/2"]
[WhiteElo "1724"]
[BlackElo "2092"]
[PlyCount "112"]
[EventDate "2015.05.08"]
[EventType "swiss"]
[EventRounds "7"]
[EventCountry "ARG"]
[SourceTitle "EXT 2024"]
[Source "ChessBase"]
[SourceDate "2023.10.10"]
[SourceVersion "1"]
[SourceVersionDate "2023.10.10"]
[SourceQuality "1"]

1. e4 c5 2. Nc3 Nc6 3. Bb5 g6 4. Bxc6 bxc6 5. Nge2 Bg7 6. d3 d5 7. 0-0 Nf6 8. Ng3 0-0 9. Bf4 d4 10. Na4 Nd7 11. b3 e5 12. Bd2 Qe7 13. Nb2 Ba6 14. Qc1 Rae8 15. Bh6 Qe6 16. Bxg7 Kxg7 17. f4 exf4 18. Rxf4 Ne5 19. Qd1 h5 20. h3 Rh8 21. Qd2 h4 22. Nf1 Bc8 23. Nh2 Qd6 24. Raf1 f5 25. Nc4 Nxc4 26. bxc4 Re7 27. exf5 Bxf5 28. R4f3 Qe5 29. Qf4 Qxf4 30. Rxf4 Kf6 31. Rb1 g5 32. Rff1 Rhe8 33. Nf3 Kg6 34. Rfe1 Rxe1+ 35. Nxe1 g4 36. hxg4 Bxg4 37. Kf2 Rf8+ 38. Nf3 h3 39. Kg3 Kh5 40. Rf1 hxg2 41. Kxg2 Bxf3+ 42. Rxf3 Rg8+ 43. Kf2 Kh6 44. Rg3 Kh7 45. Rxg8 Kxg8 46. Kf3 Kf7 47. Kf4 Kf6 48. Ke4 Ke6 49. Kf4 Kf6 50. Ke4 a6 51. a4 Ke6 52. Kf4 a5 53. Kg5 Ke5 54. Kg4 Ke6 55. Kg5 Ke5 56. Kg4 Ke6 1/2-1/2

[Event "Monte Grande Valerio Lorenzi 2nd"]
[Site "Monte Grande"]
[Date "2015.05.13"]
[Round "3.4"]
[White "Prieu, Gustavo"]
[Black "Quarta, Alejandro"]
[Result "0-1"]
[WhiteElo "1835"]
[BlackElo "1724"]
[PlyCount "128"]
[EventDate "2015.05.08"]
[EventType "swiss"]
[EventRounds "7"]
[EventCountry "ARG"]
[SourceTitle "EXT 2024"]
[Source "ChessBase"]
[SourceDate "2023.10.10"]
[SourceVersion "1"]
[SourceVersionDate "2023.10.10"]
[SourceQuality "1"]

1. d4 f5 2. e4 fxe4 3. Nc3 e6 4. Nxe4 Nf6 5. Bd3 Nxe4 6. Bxe4 Qf6 7. Nf3 d6 8. Bg5 Qf7 9. Bh4 Be7 10. Ng5 Bxg5 11. Bxg5 Nd7 12. Qd3 Nf6 13. 0-0-0 Nxe4 14. Qxe4 0-0 15. Be3 Qf5 16. Qh4 Bd7 17. g4 Qd5 18. g5 Be8 19. Kb1 Bg6 20. Qg4 Be4 21. Rhg1 Bf3 22. Qh4 Bxd1 23. Rxd1 Qf3 24. Re1 g6 25. Rg1 Rf5 26. b3 Raf8 27. Rg3 Qd1+ 28. Kb2 d5 29. Rh3 R8f7 30. Rg3 a5 31. a4 Qe2 32. Qg4 Qxg4 33. Rxg4 c6 34. f4 b5 35. axb5 cxb5 36. Rg1 Ra7 37. Ra1 Rf8 38. Bc1 Kf7 39. Bd2 a4 40. b4 Kg7 41. Ra3 Rh8 42. Rh3 h6 43. gxh6+ Rxh6 44. Rxh6 Kxh6 45. f5+ Kg7 46. fxe6 Kf6 47. Bf4 Kxe6 48. Bg3 Kf5 49. Be5 Ke4 50. Ka3 g5 51. Kb2 g4 52. Ka3 Rf7 53. Kb2 Rf2 54. Kc3 Ke3 55. Bg3 Rg2 56. Be5 Ke2 57. Bf4 Kd1 58. Kb2 Rxc2+ 59. Ka3 Rc5 60. Be5 Kc2 61. Bf6 Rc3+ 62. Ka2 Rf3 63. Be5 Kc3 64. Ka3 Rf1 0-1